Statistics for Asterix Books - French to English Title Translation

Click here to take the quiz!

General Stats

  • This quiz has been taken 72 times
  • The average score is 11 of 35

Answer Stats

NoFrench Title YearAnswer% Correct
1Astérix le Gaulois1961Asterix the Gaul
95%
3Astérix et les Goths1963Asterix and the Goths
77%
6Astérix et Cléopâtre1965Asterix and Cleopatra
75%
4Astérix gladiateur1964Asterix the Gladiator
75%
8Astérix chez les Bretons1966Asterix in Britain
56%
14Astérix en Hispanie1969Asterix in Spain
55%
9Astérix et les Normands1967Asterix and th Normans
52%
20Astérix en Corse1973Asterix in Corsica
52%
16Astérix chez les Helvêtes1970Asterix in Switzerland
47%
13Astérix et le chaudron1969Asterix and the Cauldron
45%
23Obélix et compagnie1976Obelix and Co.
44%
12Astérix aux jeux olympiques1968Asterix at the Olympic Games
42%
24Astérix chez les Belges1979Asterix in Belgium
41%
10Astérix légionnaire1967Asterix the Legionary
36%
2La serpe d'or1962Asterix and the Golden Sickle
31%
7Le combat des chefs1966Asterix and the Big Fight
27%
18Les lauriers de César1972Asterix and the Laurel Wreath
25%
27Le fils d'Astérix1983Asterix and Son
19%
22La grande traversée1975Asterix and the Great Crossing
19%
35Astérix chez les Pictes2013Asterix and the Picts
19%
5Le tour de Gaule d'Astérix1965Asterix and the Banquet
17%
19Le devin1972Asterix and the Soothsayer
16%
25Le grand Fossé1980Asterix and the Great Divide
14%
17Le domaine des Dieux1971Asterix and the Mansions of the Gods
14%
11Le bouclier Arverne1968Asterix and the Chieftain's Shield
11%
28Astérix chez Rahàzade1987Asterix and the Magic Carpet
11%
34L'Anniversaire d'Astérix et Obélix2009Asterix and Obelix's Birthday
9%
26L'Odyssée d'Astérix1981Asterix and the Black Gold
6%
15La zizanie1970Asterix and the Roman Agent
6%
21Le cadeau de César1974Asterix and Ceasar's Gift
5%
31Astérix et Latraviata2001Asterix and the Actress
5%
33Le ciel lui tombe sur la tête2005Asterix and the Falling Sky
5%
29La rose et le glaive1991Asterix and the Secret Weapon
5%
32Astérix et la rentrée gauloise2003Asterix and the Class Act
3%
30La galère d'Obélix1996Asterix and Obelix All at Sea
2%

Score Distribution

Percentile by Number Answered

Percent of People with Each Score

Your Score History

You have not taken this quiz